[Event "Hokkaido Chess Championship 2024"]
[Site "?"]
[Date "2024.03.23"]
[Round "1.1"]
[White "Yamaguchi, Tosei"]
[Black "Takeuchi, Hiroshi"]
[Result "1-0"]
[WhiteElo "1940"]
[BlackElo "1388"]
[PlyCount "85"]
[EventDate "2024.03.23"]

1. d4 Nf6 2. c4 d6 3. Nc3 g6 4. e4 Bg7 5. h3 O-O 6. Be3 e5 7. d5 Nbd7 8. g4 b6
9. Nge2 a5 10. Ng3 Ne8 11. Qd2 Nc5 12. Be2 Bd7 13. h4 f6 14. O-O-O a4 15. f3 a3
16. b3 Rb8 17. Rdg1 Ra8 18. Bd1 Rb8 19. Bc2 b5 20. cxb5 Bxb5 21. Nxb5 Rxb5 22.
g5 f5 23. Ne2 f4 24. Bf2 Na6 25. Bd3 Qb8 26. Bxb5 Qxb5 27. Nc3 Qb4 28. Na4 Qb7
29. Kb1 c6 30. dxc6 Qxc6 31. Rc1 Qb7 32. Rhd1 Rf7 33. Qd5 Qb8 34. Qc4 Nac7 35.
Bb6 Qc8 36. Bxc7 Nxc7 37. Rxd6 Qh3 38. Qd3 Ne6 39. Qd5 Nd4 40. Rd8+ Bf8 41.
Qxe5 Nxf3 42. Qd5 Qg2 43. Rd7 1-0

[Event "Hokkaido Chess Championship 2024"]
[Site "?"]
[Date "2024.03.23"]
[Round "1.2"]
[White "Miyatani, Ryohei"]
[Black "Shinoda, Taro"]
[Result "0-1"]
[WhiteElo "1313"]
[BlackElo "1911"]
[PlyCount "58"]
[EventDate "2024.03.23"]

1. e4 c5 2. Nf3 d6 3. d4 cxd4 4. Nxd4 Nf6 5. Nc3 a6 6. Rg1 e5 7. Nb3 Be6 8. g4
d5 9. exd5 Nxd5 10. Nxd5 Qxd5 11. Qxd5 Bxd5 12. Be3 Nc6 13. O-O-O Bf3 14. Re1
O-O-O 15. Bb6 Rd7 16. Bd3 g6 17. Be4 Bxe4 18. Rxe4 Be7 19. Nd2 Bg5 20. Be3 Bxe3
21. Rxe3 Rd4 22. c3 Rf4 23. f3 h5 24. h3 hxg4 25. hxg4 Rh3 26. Rge1 f6 27. Re4
Rxe4 28. Rxe4 Rg3 29. Kc2 Nd8 0-1

[Event "Hokkaido Chess Championship 2024"]
[Site "?"]
[Date "2024.03.23"]
[Round "1.3"]
[White "Sugimoto, Koichi"]
[Black "Ito, Katsuhide"]
[Result "1-0"]
[WhiteElo "1864"]
[BlackElo "1199"]
[PlyCount "71"]
[EventDate "2024.03.23"]

1. d4 d5 2. Bf4 Nf6 3. Nc3 e6 4. e3 Bb4 5. Bd3 O-O 6. Nge2 a6 7. O-O c5 8. dxc5
Nc6 9. Bd6 Re8 10. a3 Ba5 11. b4 Bc7 12. Bxc7 Qxc7 13. e4 b6 14. cxb6 Qxb6 15.
exd5 exd5 16. Nf4 Be6 17. Re1 Rad8 18. Na4 Qa7 19. Nc5 Bg4 20. f3 Rxe1+ 21.
Qxe1 Re8 22. Qf2 Bc8 23. c3 Rd8 24. Re1 d4 25. c4 a5 26. Ne4 Nd7 27. b5 Nce5
28. Bf1 Qb6 29. Nd5 Qe6 30. Qxd4 Nb6 31. Qxb6 Qxb6+ 32. Nxb6 Be6 33. Nc5 Nd7
34. Ncxd7 Rxd7 35. Nxd7 Bxd7 36. Re7 1-0

[Event "Hokkaido Chess Championship 2024"]
[Site "?"]
[Date "2024.03.23"]
[Round "1.4"]
[White "Shimomura, Kensei"]
[Black "Yoshii, Yukihiko"]
[Result "0-1"]
[WhiteElo "1199"]
[BlackElo "1644"]
[PlyCount "88"]
[EventDate "2024.03.23"]

1. e4 c6 2. Nf3 d5 3. exd5 cxd5 4. d4 Nc6 5. Nc3 Nf6 6. Bd3 e6 7. O-O Be7 8.
Bf4 a6 9. Na4 O-O 10. c4 dxc4 11. Bc2 b5 12. Nc5 Nxd4 13. Nxd4 Bxc5 14. Be3 Qb6
15. a3 Bb7 16. b4 cxb3 17. Nxb3 Bxe3 18. fxe3 Qxe3+ 19. Kh1 Rfd8 20. Qe1 Qxe1
21. Raxe1 Rac8 22. Bb1 h6 23. Nc1 Rd2 24. Ne2 Ng4 25. Kg1 Ne3 26. Rf2 Nxg2 27.
Rxg2 Bxg2 28. Kxg2 Rc4 29. Kf2 Rc3 30. Rd1 Rxd1 31. Nxc3 Rc1 32. Be4 Rxc3 33.
h4 Rxa3 34. Ke2 f5 35. Bc6 Rc3 36. Bd7 Kf7 37. Kd2 b4 38. Ba4 Kf6 39. h5 e5 40.
Bc2 e4 41. Kd1 Ke5 42. Kd2 Kd4 43. Bd3 Rxd3+ 44. Kc2 e3 0-1

[Event "Hokkaido Chess Championship 2024"]
[Site "?"]
[Date "2024.03.23"]
[Round "1.5"]
[White "Kawamura, Takuto"]
[Black "Furuse, Mizuki"]
[Result "1-0"]
[WhiteElo "1601"]
[BlackElo "1157"]
[PlyCount "81"]
[EventDate "2024.03.23"]

1. d4 Nf6 2. Nf3 g6 3. g3 Bg7 4. Bg2 O-O 5. c4 d6 6. O-O Nbd7 7. Qc2 Re8 8. e4
e5 9. d5 Nc5 10. Re1 a5 11. Nc3 Nh5 12. Bg5 f6 13. Be3 Na6 14. a3 f5 15. Bg5
Nf6 16. Nh4 h6 17. Bxf6 Qxf6 18. exf5 gxf5 19. Bh3 Rf8 20. Rad1 e4 21. Ng2 Qg5
22. Nf4 Be5 23. Nce2 Bd7 24. b3 Nc5 25. Bg2 a4 26. b4 Nb3 27. c5 dxc5 28. bxc5
Ra6 29. Qc4 Kh8 30. c6 Na5 31. Qb5 Be8 32. Ne6 Qg8 33. Nxf8 Qxf8 34. Nd4 Bxd4
35. Rxd4 Qxa3 36. cxb7 Bxb5 37. b8=Q+ Kh7 38. Qxb5 Ra8 39. Qd7+ Kg6 40. Qe6+
Kh5 41. Qxf5# 1-0

[Event "Hokkaido Chess Championship 2024"]
[Site "?"]
[Date "2024.03.23"]
[Round "2.1"]
[White "Aoki, Yasuhiro"]
[Black "Yamaguchi, Tosei"]
[Result "0-1"]
[WhiteElo "1598"]
[BlackElo "1940"]
[PlyCount "80"]
[EventDate "2024.03.23"]

1. c4 g6 2. Nf3 Bg7 3. g3 e5 4. Nc3 Nc6 5. Bg2 Nge7 6. O-O d6 7. d3 h6 8. e4
Bg4 9. h3 Be6 10. Be3 Qd7 11. Kh2 O-O 12. Nd5 f5 13. Nxe7+ Nxe7 14. exf5 Nxf5
15. Qd2 c6 16. Rac1 c5 17. b3 Rae8 18. g4 Nxe3 19. Qxe3 Rf4 20. Nd2 Ref8 21.
Ne4 b6 22. f3 d5 23. Nf2 Qd6 24. Kh1 Qe7 25. Kh2 Qh4 26. Qe2 d4 27. Ne4 h5 28.
Qf2 Qe7 29. Qg3 h4 30. Qe1 Bh6 31. Rc2 Bc8 32. Re2 Bb7 33. Ref2 R4f7 34. Re2
Rf4 35. Ref2 R8f7 36. Qe2 Bc6 37. Qe1 Ba8 38. Qe2 Rf8 39. Qe1 R4f7 40. Qe2 Be3
0-1

[Event "Hokkaido Chess Championship 2024"]
[Site "?"]
[Date "2024.03.23"]
[Round "2.2"]
[White "Shinoda, Taro"]
[Black "Kawamura, Takuto"]
[Result "1-0"]
[WhiteElo "1911"]
[BlackElo "1601"]
[PlyCount "57"]
[EventDate "2024.03.23"]

1. d4 Nf6 2. c4 e6 3. g3 Bb4+ 4. Nd2 O-O 5. Bg2 d5 6. Qc2 c6 7. Ngf3 Re8 8. O-O
Nbd7 9. e4 dxe4 10. Nxe4 Nxe4 11. Qxe4 Nf6 12. Qe2 Bd6 13. Rd1 Bd7 14. Ne5 h6
15. h4 Be7 16. Rb1 Rc8 17. b4 b6 18. a4 b5 19. axb5 cxb5 20. c5 Nd5 21. Bd2 Bf6
22. Ra1 Rc7 23. Ra5 Bc8 24. Bxd5 Qxd5 25. Qxb5 Rd8 26. Bf4 Bxe5 27. Bxe5 Bb7
28. c6 Bxc6 29. Qxd5 1-0

[Event "Hokkaido Chess Championship 2024"]
[Site "?"]
[Date "2024.03.23"]
[Round "2.3"]
[White "Yoshii, Yukihiko"]
[Black "Hasegawa, Emi"]
[Result "1-0"]
[WhiteElo "1644"]
[BlackElo "1417"]
[PlyCount "105"]
[EventDate "2024.03.23"]

1. c4 c5 2. Nc3 Nc6 3. g3 g6 4. Bg2 Bg7 5. Nf3 Nf6 6. O-O O-O 7. e3 e5 8. d4
exd4 9. exd4 cxd4 10. Nxd4 Nh5 11. Be3 Ne5 12. Qe2 a6 13. Rfd1 Qc7 14. b3 Nc6
15. Rac1 Qa5 16. Qd2 Nf6 17. h3 Re8 18. Kh2 Qh5 19. Bf3 Qa5 20. Kg2 Ne5 21. Bd5
Nxd5 22. Nxd5 Qd8 23. Bf4 d6 24. Ne2 Be6 25. Nec3 Rc8 26. Ne4 Rc6 27. Bg5 Qc8
28. Qf4 Bxd5 29. Rxd5 Qe6 30. Bf6 Nd3 31. Rxd3 Qxe4+ 32. Qxe4 Rxe4 33. Bxg7
Kxg7 34. Rcd1 Re6 35. R1d2 h5 36. h4 Kf6 37. f4 Ke7 38. Kf3 Rc5 39. Rd4 f6 40.
b4 Rc7 41. a4 b6 42. R2d3 Kd7 43. Re3 Rxe3+ 44. Kxe3 f5 45. Kd3 Kc6 46. Rd5 b5
47. axb5+ axb5 48. Rxb5 Ra7 49. Ra5 Rb7 50. Ra6+ Kc7 51. b5 Kd7 52. Kd4 Kc7 53.
Kd5 1-0

[Event "Hokkaido Chess Championship 2024"]
[Site "?"]
[Date "2024.03.23"]
[Round "2.4"]
[White "Nakamura, Mitsuru"]
[Black "Nishimori, Toshiyuki"]
[Result "0-1"]
[WhiteElo "1406"]
[BlackElo "1570"]
[PlyCount "76"]
[EventDate "2024.03.23"]

1. e4 e6 2. Nf3 Nc6 3. Nc3 d5 4. d3 d4 5. Ne2 e5 6. a3 Nf6 7. h3 h6 8. c3 Bc5
9. b4 Bb6 10. Bb2 O-O 11. Ng3 a6 12. Be2 Re8 13. O-O Ba7 14. Qd2 b5 15. Rac1
Bb6 16. Bd1 dxc3 17. Rxc3 Nd4 18. Nxd4 Bxd4 19. Rc2 Re7 20. Bxd4 Qxd4 21. Bf3
Be6 22. Nf5 Bxf5 23. exf5 Rd8 24. Rd1 Rd6 25. Rc6 Rxc6 26. Bxc6 Qd6 27. Bf3 Rd7
28. Qe3 Nd5 29. Bxd5 Qxd5 30. Qg3 Rd6 31. Qe3 e4 32. g4 exd3 33. Qe8+ Kh7 34.
Qe3 Qb3 35. f6 Qxd1+ 36. Kg2 Rxf6 37. Qe4+ g6 38. Qe7 Qf3+ 0-1

[Event "Hokkaido Chess Championship 2024"]
[Site "?"]
[Date "2024.03.23"]
[Round "2.6"]
[White "Furuse, Mizuki"]
[Black "Miyatani, Ryohei"]
[Result "0-1"]
[WhiteElo "1157"]
[BlackElo "1313"]
[PlyCount "66"]
[EventDate "2024.03.23"]

1. Nf3 Nf6 2. g3 d5 3. Bg2 e6 4. O-O c5 5. b3 Nc6 6. Bb2 Be7 7. d3 O-O 8. Nbd2
b5 9. c4 bxc4 10. dxc4 Bb7 11. cxd5 exd5 12. Rc1 Qa5 13. Bc3 Qa3 14. Ne5 Nb4
15. Bxb4 Qxb4 16. Nd3 Qa5 17. a4 Rac8 18. Nf4 Rfd8 19. Qc2 Ba6 20. Rfe1 g5 21.
Nh3 h6 22. Rcd1 c4 23. bxc4 dxc4 24. Ne4 Nd5 25. e3 c3 26. Rd4 Nb4 27. Rxd8+
Qxd8 28. Qb1 c2 29. Qa1 Nd3 30. Rc1 Nxc1 31. Qxc1 Qd1+ 32. Qxd1 cxd1=Q+ 33. Bf1
Qxf1# 0-1

[Event "Hokkaido Chess Championship 2024"]
[Site "?"]
[Date "2024.03.23"]
[Round "3.1"]
[White "Yamaguchi, Tosei"]
[Black "Shinoda, Taro"]
[Result "1-0"]
[WhiteElo "1940"]
[BlackElo "1911"]
[PlyCount "63"]
[EventDate "2024.03.23"]

1. d4 Nf6 2. c4 e6 3. Nf3 c5 4. d5 exd5 5. cxd5 d6 6. Nc3 g6 7. Nd2 Nbd7 8. e4
Bg7 9. Be2 a6 10. a4 Rb8 11. O-O O-O 12. h3 Ne8 13. Qc2 Nc7 14. Nc4 Ne5 15. Na3
f5 16. f4 Nf7 17. Nc4 b5 18. axb5 Nxb5 19. Be3 Nxc3 20. bxc3 fxe4 21. Na5 Bd7
22. Nc6 Bxc6 23. dxc6 Rb6 24. Rxa6 Rxa6 25. Bxa6 Qb6 26. Bb7 Re8 27. Qa4 Kf8
28. f5 g5 29. f6 Bh8 30. Qc4 Nd8 31. Bxg5 Nxb7 32. Bh6+ 1-0

[Event "Hokkaido Chess Championship 2024"]
[Site "?"]
[Date "2024.03.23"]
[Round "3.2"]
[White "Nishimori, Toshiyuki"]
[Black "Yoshii, Yukihiko"]
[Result "1-0"]
[WhiteElo "1570"]
[BlackElo "1644"]
[PlyCount "115"]
[EventDate "2024.03.23"]

1. e4 c6 2. d4 d5 3. exd5 cxd5 4. Nf3 Nc6 5. Bf4 Bf5 6. Nc3 a6 7. a3 h6 8. Bd3
Bxd3 9. Qxd3 Nf6 10. O-O e6 11. Rfe1 Be7 12. Rad1 O-O 13. Ne5 Rc8 14. Ne2 Ne4
15. c3 Bd6 16. Ng3 Nf6 17. h3 Qc7 18. Re2 Rfe8 19. Rde1 Re7 20. Nxc6 Bxf4 21.
Nxe7+ Qxe7 22. Qf3 Bb8 23. Nf5 Qc7 24. Ng3 Ne4 25. Re3 Nd2 26. Qd1 Nc4 27. R3e2
Qb6 28. Qc1 Nd6 29. Re3 Nc4 30. R3e2 Bxg3 31. fxg3 Nd6 32. g4 Ne4 33. Re3 Qd6
34. Qd1 b5 35. Rf1 Rc7 36. Rff3 Ng5 37. Rf1 Ne4 38. Qd3 f6 39. Rxe4 dxe4 40.
Qxe4 Qc6 41. Re1 Kf7 42. Kf2 g6 43. Qxc6 Rxc6 44. Kf3 a5 45. Ke4 Rd6 46. Rd1
Rd5 47. b3 f5+ 48. gxf5 gxf5+ 49. Ke3 e5 50. Rd2 f4+ 51. Ke4 Ke6 52. c4 bxc4
53. bxc4 Rd8 54. d5+ Kd6 55. Rc2 Re8 56. c5+ Kd7 57. Rb2 Kc7 58. Rb6 1-0

[Event "Hokkaido Chess Championship 2024"]
[Site "?"]
[Date "2024.03.23"]
[Round "3.3"]
[White "Kawamura, Takuto"]
[Black "Sugimoto, Koichi"]
[Result "0-1"]
[WhiteElo "1601"]
[BlackElo "1864"]
[Annotator "KOITI-S"]
[PlyCount "94"]
[EventDate "2024.03.23"]

1. d4 d5 2. Nf3 Nf6 3. c4 c6 4. g3 Bf5 5. Bg2 e6 6. O-O Bd6 7. Nbd2 O-O 8. b3
h6 9. Bb2 Ne4 10. Ne5 Nxd2 11. Qxd2 Nd7 12. Rae1 Qc7 13. Nxd7 Qxd7 14. f3 a5
15. e4 Bg6 16. c5 Bc7 17. a4 b6 18. Ba3 Rfb8 19. Re3 bxc5 20. Bxc5 dxe4 21.
fxe4 e5 22. d5 Bb6 23. Rc3 Bxc5+ 24. Rxc5 Qa7 25. Qc3 Rxb3 26. Qxb3 Qxc5+ 27.
Kh1 cxd5 28. exd5 Rd8 29. Qb5 Qxb5 30. axb5 Bd3 31. Ra1 e4 32. Rxa5 Rxd5 33.
Ra8+ Kh7 34. b6 Rb5 35. Kg1 Rxb6 36. Re8 Rb1+ 37. Kf2 Rb2+ 38. Kg1 Re2 39. Rd8
Rc2 40. Rd7 Kg6 41. Rd4 Kf5 42. Rd5+ Ke6 43. Rd8 Rc7 44. Kf2 Re7 45. Ke3 Ke5
46. Rd4 f5 47. h4 g5 {Time} 0-1

[Event "Hokkaido Chess Championship 2024"]
[Site "?"]
[Date "2024.03.23"]
[Round "3.4"]
[White "Miyatani, Ryohei"]
[Black "Aoki, Yasuhiro"]
[Result "0-1"]
[WhiteElo "1313"]
[BlackElo "1598"]
[PlyCount "64"]
[EventDate "2024.03.23"]

1. e4 d6 2. d4 Nf6 3. Bd3 e5 4. c3 d5 5. dxe5 Nxe4 6. Bxe4 dxe4 7. Qxd8+ Kxd8
8. Bf4 Nc6 9. Nd2 Bf5 10. O-O-O Kc8 11. Ne2 Bc5 12. Ng3 Bg4 13. Rdf1 Re8 14. h3
Be6 15. Ngxe4 Bb6 16. Re1 h6 17. Bg3 a6 18. f4 Kb8 19. Rhf1 Bf5 20. Bh4 Ka7 21.
g4 Be6 22. Bf2 Rad8 23. Ng3 Bxf2 24. Rxf2 Rd3 25. Nh5 g6 26. Nf6 Red8 27. f5
gxf5 28. gxf5 Bxf5 29. Nb3 Bg6 30. h4 h5 31. Nc5 Nxe5 32. Nxh5 R3d5 0-1

[Event "Hokkaido Chess Championship 2024"]
[Site "?"]
[Date "2024.03.23"]
[Round "3.5"]
[White "Hasegawa, Emi"]
[Black "Ito, Katsuhide"]
[Result "1-0"]
[WhiteElo "1417"]
[BlackElo "1199"]
[PlyCount "67"]
[EventDate "2024.03.23"]

1. d4 d5 2. c4 e5 3. dxe5 d4 4. Nf3 Nc6 5. Bf4 Bb4+ 6. Nbd2 Nge7 7. a3 Ng6 8.
Bg5 Be7 9. Bxe7 Qxe7 10. Nb3 Ngxe5 11. Nbxd4 Nxc4 12. Nxc6 bxc6 13. Qc2 Be6 14.
e3 Ne5 15. Nd4 c5 16. Nxe6 fxe6 17. Bb5+ Nd7 18. Rd1 Rd8 19. Qa4 O-O 20. Bxd7
Qf6 21. O-O Qxb2 22. Bxe6+ Kh8 23. Rxd8 Rxd8 24. Rd1 Rf8 25. Qh4 Qf6 26. Qxf6
gxf6 27. h4 Re8 28. Bf5 Kg7 29. Rd7+ Kf8 30. Rxc7 Re7 31. Rxc5 Re5 32. Rxe5
fxe5 33. Bxh7 Kg7 34. Be4 1-0

[Event "Hokkaido Chess Championship 2024"]
[Site "?"]
[Date "2024.03.23"]
[Round "3.6"]
[White "Shimomura, Kensei"]
[Black "Takeuchi, Hiroshi"]
[Result "0-1"]
[WhiteElo "1199"]
[BlackElo "1388"]
[PlyCount "80"]
[EventDate "2024.03.23"]

1. e4 d6 2. d4 Nf6 3. Nc3 g6 4. Nf3 Bg7 5. Bc4 Bg4 6. h3 Bxf3 7. Qxf3 Nbd7 8.
O-O e6 9. Bg5 h6 10. Bd2 c6 11. d5 Ne5 12. Qe2 exd5 13. exd5 O-O 14. dxc6 bxc6
15. Bb3 Qc7 16. Rfe1 Rae8 17. Ne4 Nxe4 18. Qxe4 d5 19. Qf4 Qd7 20. Bc3 g5 21.
Qg3 Ng6 22. Ba4 Ne7 23. Bxg7 Kxg7 24. c3 f6 25. Qf3 f5 26. Rad1 g4 27. Qg3 Ng6
28. Bc2 h5 29. Qh2 Qf7 30. h4 f4 31. Bxg6 Kxg6 32. f3 g3 33. Qh3 Kg7 34. Kf1
Rxe1+ 35. Rxe1 Kg8 36. Qh1 Qf5 37. Qg1 Qd3+ 38. Re2 Re8 39. Qf2 gxf2 40. Kxf2
Qxe2+ 0-1

[Event "Hokkaido Chess Championship 2024"]
[Site "?"]
[Date "2024.03.24"]
[Round "4.1"]
[White "Sugimoto, Koichi"]
[Black "Yamaguchi, Tosei"]
[Result "0-1"]
[WhiteElo "1864"]
[BlackElo "1940"]
[PlyCount "80"]
[EventDate "2024.03.23"]

1. d4 Nf6 2. Bf4 g6 3. Nc3 d5 4. e3 Bg7 5. Be2 O-O 6. h4 h5 7. f3 c5 8. g4 cxd4
9. exd4 Nc6 10. Qd2 hxg4 11. O-O-O Nh5 12. fxg4 Nxf4 13. Qxf4 e5 14. dxe5 Bxe5
15. Qd2 d4 16. Ne4 Qd5 17. Nf2 Qxa2 18. Qg5 Qa1+ 19. Kd2 Qxb2 20. Ke1 Qc3+ 21.
Kf1 Qe3 22. Nf3 Qxg5 23. Nxg5 f6 24. Bc4+ Kg7 25. Nf3 Na5 26. Bd5 Rd8 27. Be4
Nc4 28. Ke2 Ne3 29. Rdg1 Be6 30. h5 g5 31. h6+ Kf7 32. Nxe5+ fxe5 33. Rh5 Kf6
34. Rg3 Nd5 35. Nh3 Nf4+ 36. Nxf4 exf4 37. Rg1 Bf7 38. Rh2 Re8 39. Kf3 Bg6 40.
Bxg6 Kxg6 0-1

[Event "Hokkaido Chess Championship 2024"]
[Site "2"]
[Date "2024.03.24"]
[Round "4.2"]
[White "Shinoda, Taro"]
[Black "Nishimori, Toshiyuki"]
[Result "1-0"]
[WhiteElo "1911"]
[BlackElo "1570"]
[PlyCount "51"]
[EventDate "2024.03.23"]

1. d4 Nf6 2. c4 e6 3. g3 d5 4. Bg2 Nc6 5. Nf3 Rb8 6. Nbd2 b6 7. O-O Bb7 8. b3
Bb4 9. Bb2 O-O 10. a3 Bxd2 11. Qxd2 Ne4 12. Qc2 Ne7 13. Ne5 f6 14. Nd3 Qe8 15.
cxd5 Bxd5 16. Nf4 f5 17. f3 Nf6 18. e4 fxe4 19. fxe4 Bc6 20. Nxe6 Rf7 21. d5
Bb5 22. Rfc1 c5 23. a4 Ba6 24. Ng5 Rf8 25. e5 Nd7 26. Qxh7# 1-0

[Event "Hokkaido Chess Championship 2024"]
[Site "3"]
[Date "2024.03.24"]
[Round "4.3"]
[White "Yoshii, Yukihiko"]
[Black "Takeuchi, Hiroshi"]
[Result "0-1"]
[WhiteElo "1644"]
[BlackElo "1388"]
[PlyCount "44"]
[EventDate "2024.03.23"]

1. c4 Nf6 2. Nc3 d6 3. d4 g6 4. e4 Bg7 5. Nf3 O-O 6. Be2 e5 7. h3 Nc6 8. Be3 a6
9. O-O Bd7 10. a3 exd4 11. Nxd4 Re8 12. f3 Nh5 13. Nxc6 bxc6 14. Qe1 f5 15. Bd3
f4 16. Bf2 Qg5 17. Kh2 Ng3 18. Rg1 Qh4 19. Rb1 g5 20. Bxg3 fxg3+ 21. Kh1 Bxh3
22. Rf1 Bxg2+ 0-1

[Event "Hokkaido Chess Championship 2024"]
[Site "4"]
[Date "2024.03.24"]
[Round "4.4"]
[White "Aoki, Yasuhiro"]
[Black "Hasegawa, Emi"]
[Result "1/2-1/2"]
[WhiteElo "1598"]
[BlackElo "1417"]
[PlyCount "73"]
[EventDate "2024.03.23"]

1. c4 c5 2. Nf3 Nf6 3. g3 g6 4. Bg2 Bg7 5. O-O O-O 6. Nc3 Nc6 7. d4 cxd4 8.
Nxd4 Nxd4 9. Qxd4 d6 10. Qd3 Rb8 11. e4 a6 12. Be3 Nd7 13. Bd4 Ne5 14. Qe2 Bg4
15. Qc2 Nf3+ 16. Bxf3 Bxf3 17. Bxg7 Kxg7 18. Nd5 Bg4 19. Qc3+ f6 20. Qe3 h5 21.
f3 Bd7 22. Rac1 Rh8 23. h4 b5 24. c5 dxc5 25. Qxc5 Kf7 26. Qc7 Be6 27. Qxd8
Rhxd8 28. Rfd1 b4 29. Rc7 Bxd5 30. exd5 Rd6 31. Re1 Re8 32. Re4 a5 33. Rc5 Ra8
34. Rc7 Re8 35. Rc5 Ra8 36. Rc7 Re8 37. Rc5 1/2-1/2

[Event "Hokkaido Chess Championship 2024"]
[Site "5"]
[Date "2024.03.24"]
[Round "4.5"]
[White "Ito, Katsuhide"]
[Black "Kawamura, Takuto"]
[Result "0-1"]
[WhiteElo "1199"]
[BlackElo "1601"]
[PlyCount "62"]
[EventDate "2024.03.23"]

1. e4 c5 2. Nf3 e6 3. d4 cxd4 4. Nxd4 Nc6 5. Nc3 Qc7 6. Be2 Nf6 7. O-O Be7 8.
f4 d6 9. f5 Nxd4 10. Qxd4 d5 11. Be3 dxe4 12. Qa4+ Bd7 13. Bb5 a6 14. Rad1 Rd8
15. Bxd7+ Rxd7 16. Nxe4 Nxe4 17. fxe6 fxe6 18. Qxe4 Rxd1 19. Rxd1 Qc6 20. Qe5
Kf7 21. Kh1 Bf6 22. Rf1 Qxc2 23. Bg5 Qg6 24. Qc7+ Kg8 25. Bxf6 gxf6 26. Qxb7
Qf7 27. Qxa6 Kg7 28. Rd1 e5 29. Rd3 Re8 30. Qc6 Qxa2 31. Rd7+ Kg6 0-1

[Event "Hokkaido Chess Championship 2024"]
[Site "7"]
[Date "2024.03.24"]
[Round "4.7"]
[White "Furuse, Mizuki"]
[Black "Shimomura, Kensei"]
[Result "1-0"]
[WhiteElo "1157"]
[BlackElo "1199"]
[PlyCount "115"]
[EventDate "2024.03.23"]

1. Nf3 Nc6 2. g3 e5 3. d3 d5 4. Bg2 Nf6 5. O-O Be7 6. Nbd2 Bf5 7. b3 O-O 8. Bb2
e4 9. Nh4 Be6 10. dxe4 dxe4 11. Bh1 Bc5 12. Nxe4 Nxe4 13. Bxe4 Bd4 14. c3 Bf6
15. Nf3 Qe7 16. Qc2 g6 17. Nd4 Nxd4 18. cxd4 c6 19. Bg2 Rfe8 20. e4 Bg7 21.
Rfe1 Qg5 22. Rad1 Rad8 23. f4 Qb5 24. h3 f5 25. d5 cxd5 26. exd5 Bf7 27. Rxe8+
Qxe8 28. Bxg7 Kxg7 29. Qc3+ Kg8 30. Qe5 Qxe5 31. fxe5 Kf8 32. Kf2 Ke7 33. Ke3
Kd7 34. e6+ Ke7 35. exf7 Kxf7 36. d6 Rd7 37. Bd5+ Kf6 38. Bxb7 Ke5 39. Bc8 Rxd6
40. Rxd6 Kxd6 41. Kf4 h6 42. Bxf5 gxf5 43. Kxf5 Kc5 44. a3 Kd4 45. Kg6 Kc3 46.
Kxh6 Kxb3 47. Kg6 a5 48. h4 Kxa3 49. h5 Ka2 50. h6 Kb1 51. h7 a4 52. h8=Q a3
53. Qc3 a2 54. Qb3+ Ka1 55. Qxa2+ Kxa2 56. Kf6 Kb3 57. g4 Kc4 58. g5 1-0

[Event "Hokkaido Chess Championship 2024"]
[Site "?"]
[Date "2024.03.24"]
[Round "5.1"]
[White "Yamaguchi, Tosei"]
[Black "Hasegawa, Emi"]
[Result "1-0"]
[WhiteElo "1940"]
[BlackElo "1417"]
[Annotator "KAWAMURA, TAKUTO"]
[PlyCount "65"]
[EventDate "2024.03.23"]

1. d4 Nf6 2. c4 e6 3. Nf3 d5 4. cxd5 exd5 5. Nc3 Be7 6. Bf4 c6 7. Qc2 Nbd7 8.
h3 O-O 9. e3 Re8 10. Bd3 a6 11. O-O Nf8 12. Rab1 Ng6 13. Bh2 Bd7 14. b4 b6 15.
Ne5 c5 16. Nxd7 Qxd7 17. Na4 Qc6 18. bxc5 b5 19. Nb6 Ra7 20. a4 bxa4 21. Qxa4
Qxa4 22. Nxa4 Ne4 23. Rb2 Bf6 24. Rfb1 Raa8 25. Rc2 Bd8 26. c6 Ba5 27. Bxe4
Rxe4 28. Rc5 Bd8 29. c7 Bxc7 30. Rxc7 h5 31. Rbb7 Rf8 32. Nc5 Ree8 33. Bd6 1-0

[Event "Hokkaido Chess Championship 2024"]
[Site "?"]
[Date "2024.03.24"]
[Round "5.2"]
[White "Takeuchi, Hiroshi"]
[Black "Shinoda, Taro"]
[Result "0-1"]
[WhiteElo "1388"]
[BlackElo "1911"]
[Annotator "KAWAMURA, TAKUTO"]
[PlyCount "68"]
[EventDate "2024.03.23"]

1. d4 Nf6 2. Bf4 e6 3. Nf3 c5 4. c3 b6 5. e3 Bb7 6. Nbd2 d6 7. Bd3 cxd4 8. cxd4
Be7 9. Rc1 Nbd7 10. h3 h6 11. O-O O-O 12. Qb3 Rc8 13. Bh2 Rxc1 14. Rxc1 Qa8 15.
Qb4 Rd8 16. Rc7 Nd5 17. Qa3 Nxc7 18. Bxd6 Bxd6 19. Qxd6 Ne8 20. Qe7 Nef6 21. b3
Re8 22. Qd6 Qb8 23. Qb4 Nd5 24. Qb5 N7f6 25. Ne5 a6 26. Qa4 b5 27. Qa3 Qc7 28.
Ndf3 Rc8 29. Kh2 Nb6 30. Qb4 Nbd7 31. g3 Nxe5 32. Nxe5 Qc1 33. g4 Qh1+ 34. Kg3
Qg2+ 0-1

[Event "Hokkaido Chess Championship 2024"]
[Site "?"]
[Date "2024.03.24"]
[Round "5.3"]
[White "Nishimori, Toshiyuki"]
[Black "Sugimoto, Koichi"]
[Result "0-1"]
[WhiteElo "1570"]
[BlackElo "1864"]
[PlyCount "62"]
[EventDate "2024.03.23"]

1. e4 c5 2. Nf3 d6 3. d4 cxd4 4. Nxd4 Nf6 5. Nc3 g6 6. h3 Bg7 7. Be3 O-O 8. Qd2
Nc6 9. Be2 Bd7 10. g4 Rc8 11. g5 Nh5 12. Bxh5 gxh5 13. f4 Na5 14. b3 b5 15. f5
b4 16. Nd5 e6 17. Nf6+ Bxf6 18. gxf6 Qxf6 19. Bg5 Qe5 20. Rg1 Kh8 21. Qe3 exf5
22. Kd2 f6 23. Bh6 Rg8 24. Rxg8+ Rxg8 25. Rg1 Qh2+ 26. Ne2 Rxg1 27. exf5 Bb5
28. c4 bxc3+ 29. Kxc3 Bxe2 30. Qe8+ Rg8 31. Qe6 Qe5+ 0-1

[Event "Hokkaido Chess Championship 2024"]
[Site "?"]
[Date "2024.03.24"]
[Round "5.4"]
[White "Kawamura, Takuto"]
[Black "Aoki, Yasuhiro"]
[Result "1/2-1/2"]
[WhiteElo "1601"]
[BlackElo "1598"]
[Annotator "KAWAMURA, TAKUTO"]
[PlyCount "70"]
[EventDate "2024.03.23"]

1. d4 Nf6 2. Nf3 g6 3. g3 Bg7 4. Bg2 O-O 5. O-O d6 6. c4 c6 7. Nc3 Nbd7 8. e4
Qc7 9. Qe2 e5 10. d5 cxd5 11. cxd5 a6 12. Bd2 b5 13. b4 Nb6 14. Rac1 Qb7 15. h3
Nc4 16. Bg5 h6 17. Bxf6 Bxf6 18. Rc2 Bd7 19. Rfc1 Rac8 20. Nd1 Kh7 21. Ne3 Nxe3
22. Qxe3 Rxc2 23. Rxc2 Rc8 24. Qd3 Rxc2 25. Qxc2 Qc8 26. Qxc8 Bxc8 27. Nd2 Bg5
28. Nb3 Bd8 29. Kf1 f5 30. f3 Kg7 31. Ke2 Kf6 32. Ke3 Bb6+ 33. Ke2 f4 34. g4
Kg5 35. Na1 Bd7 1/2-1/2

[Event "Hokkaido Chess Championship 2024"]
[Site "?"]
[Date "2024.03.24"]
[Round "5.5"]
[White "Miyatani, Ryohei"]
[Black "Yoshii, Yukihiko"]
[Result "1-0"]
[WhiteElo "1313"]
[BlackElo "1644"]
[Annotator "KAWAMURA, TAKUTO"]
[PlyCount "51"]
[EventDate "2024.03.23"]

1. e4 c6 2. d4 d5 3. e5 Bf5 4. c4 e6 5. Nf3 h6 6. Nc3 Bb4 7. h3 dxc4 8. Bxc4
Ne7 9. O-O O-O 10. g4 Bh7 11. Bd3 Bxd3 12. Qxd3 Ng6 13. g5 hxg5 14. Bxg5 Be7
15. Ne4 Nd7 16. Bxe7 Qxe7 17. Neg5 f5 18. Qb3 Nf4 19. Kh2 Nb6 20. Rg1 g6 21.
Nxe6 Nxe6 22. Rxg6+ Kh7 23. Rxe6 Qg7 24. Rg1 Qc7 25. Ng5+ Kg7 26. Nf7+ 1-0

[Event "Hokkaido Chess Championship 2024"]
[Site "?"]
[Date "2024.03.24"]
[Round "5.8"]
[White "Shimomura, Kensei"]
[Black "Ito, Katsuhide"]
[Result "1-0"]
[WhiteElo "1199"]
[BlackElo "1199"]
[Annotator "KAWAMURA, TAKUTO"]
[PlyCount "75"]
[EventDate "2024.03.23"]

1. e4 c5 2. Nf3 Nc6 3. Nc3 e6 4. d4 cxd4 5. Nxd4 Nf6 6. Nxc6 bxc6 7. Bg5 Bb4 8.
e5 h6 9. exf6 hxg5 10. fxg7 Rg8 11. Qh5 Ke7 12. Qxg5+ f6 13. Qg3 d5 14. O-O-O
Kf7 15. Qe3 Bxc3 16. Qxc3 Qb6 17. f4 Rxg7 18. g3 Bb7 19. Be2 c5 20. Rhg1 d4 21.
Qc4 a5 22. f5 Bd5 23. Qa4 Bc6 24. Qc4 Bd5 25. Qa4 Kg8 26. Bc4 Qb4 27. Qxb4 axb4
28. Bxd5 exd5 29. Kb1 Rga7 30. c3 b3 31. axb3 Ra1+ 32. Kc2 Rxd1 33. Rxd1 Re8
34. cxd4 Re2+ 35. Rd2 Re4 36. dxc5 d4 37. c6 Re5 38. Rxd4 1-0